000 00504nam a2200181Ia 4500
008 100917s9999 xx 000 0 und d
082 _b38918
100 _aबोरकर कमलाकर
245 _aअिग्नदिव्य
260 _bत्रदिल प्रकाशन
_c1979
300 _a119
365 _b6
520 _aनाटक
630 _aअिग्नदिव्य
650 _aनाटक
730 _aअिग्नदिव्य
942 _cBOOK
999 _c644312
_d644309